000 00533nam a2200181Ia 4500
005 20250326123423.0
008 250326s9999 xx 000 0 und d
037 _aTextbook
040 _aFMSL
_beng
_cFMSL
041 _aeng
_2eng
084 _aX8(A):8.44 P1
_qFMSL
100 _aRatnam C S V
_9735104
245 0 _aGlobalization and labour-management relations
_cRatnam C S V
260 _aNew Delhi
_bNew Delhi, Response Books
_c2001
300 _a312p
942 _cTB
_hX8(A):8.44 P1
999 _c1269297
_d1269297